| 000 | 01206nam a2200313 a 4500 | ||
|---|---|---|---|
| 001 | 000115299 | ||
| 003 | CHAP | ||
| 005 | 20250522094348.0 | ||
| 008 | 190220s2018 mx a |sm |||||||spa|d | ||
| 010 | _a111760 | ||
| 011 | _a112732 | ||
| 040 | _cCHAP | ||
| 090 | _aTesis | ||
| 100 | 1 |
_aReyes Martínez, Gerardo. _9135509 |
|
| 245 | 1 | 0 |
_aInmunidad celular periférica en vacas y becerros lactantes de doble propósito contra nematodos gastrointestinales en un clima calido húmedo _h[En línea] _cpor Gerardo Reyes Martínez. |
| 260 |
_aChapingo, Méx. : _bEl autor, _c2018. |
||
| 500 | _aPara ver el contenido del material haga clic en la liga | ||
| 502 | _aTesis (Ing. Agr. Esp. en Zonas Tropicales) -- UACH. Dirección de Centros Regionales Universitarios | ||
| 590 |
_aE6337LMJ _b05 _c20190220 _lUCH01 _h0958 |
||
| 590 |
_aE6337LMJ _b05 _c20190220 _lUCH01 _h0958 |
||
| 650 | 1 | 4 |
_aBecerros _xParásitos. _911185 |
| 650 | 1 | 4 |
_aGanado vacuno _xEnfermedades. _945460 |
| 650 | 1 | 0 |
_aInmunología veterinaria _958821 |
| 650 | 1 | 4 |
_aNemátodos parásitos de becerros. _980828 |
| 856 |
_aFinding aid _uhttp://10.13.5.2/tesis/sist115299.pdf _zTeclea aquí |
||
| 901 | _aBK | ||
| 942 | _cTESIS | ||
| 942 | _n0 | ||
| 999 |
_c111760 _d111760 |
||